=LDR 00000nam 2200000 4500 =001 INLIS000000000016239 =005 20130612111516 =008 ***********************************Ind** =035 ##$$a0010-061300000016239 =041 ##$$a Ind =082 ##$$a 430 =090 ##$$a 430, Had m =100 ##$$a Hadinata, Ny =245 ##$$a Metode praktis belajar bahasa jerman, Dilengkapi percakapan sehari-hari dan penjelasan tata bahasa jerman, Ny. Hadinata =260 ##$$a 1987 $b Bandung =300 ##$$a 296 hlm., 21 cm =850 ##$$a NBPNMAT =990 ##$$a 21400613/BPAP-NTB/20142014